[Event "Biel Chess Festival 2024 - Amateur tournament"]
[Site "Biel/Bienne"]
[Date "2024.07.23"]
[Round "7"]
[Board "36"]
[White "Suwendo, Poedjo"]
[Black "Cho, Yeonhee"]
[Result "1-0"]
[WhiteElo "1727"]
[BlackElo "1686"]
[PlyCount "0"]
[EventDate "2024.07.16"]
[EventRounds "9"]
[EventCountry "SUI"]

1. e4 e5 2. Nf3 Nc6 3. Bc4 Bc5 4. d4 exd4 5. Ng5 Ne5 6. Nxf7 Nxf7 7. Bxf7+ Kf8 8.
Bxg8 Kxg8 9. Qd3 Qe7 10. O-O d6 11. b4 Bb6 12. Bb2 Qf6 13. Nd2 Bg4 14. f3 Be6 15.
Kh1 Re8 16. a3 c5 17. Nc4 Bxc4 18. Qxc4+ Qe6 19. Qb5 c4 20. Rad1 c3 21. Bc1 Qe5 22.
Qd7 Qe7 23. Qb5 Qe5 24. Qe2 Kf7 25. Rde1 d5 26. g3 Rhf8 27. Bf4 Qe6 28. Qb5 Rd8 29.
Bg5 Rd7 30. Qd3 Kg8 31. Bf4 h6 32. exd5 Qxd5 33. Re5 Qf7 34. Rfe1 Bc7 35. R5e4 Bb6
36. Kg2 Qg6 37. Be5 Rfd8 38. Bf4 Qf7 39. a4 a6 40. Re6 Ba7 41. R1e4 Qf8 42. b5 Qb4
43. R4e5 Bb8 44. Re8+ Rxe8 45. Rxe8+ Kf7 46. Rxb8 Qc5 47. bxa6 bxa6 48. Ra8 Re7 49.
Rxa6 Qc8 50. Qg6+ Kg8 51. Rb6  1-0

[Event "Biel Chess Festival 2024 - Amateur tournament"]
[Site "Biel/Bienne"]
[Date "2024.07.23"]
[Round "7"]
[Board "40"]
[White "Ehrsam, Andreas"]
[Black "Fernandez Van Raap, Marcela"]
[Result "1/2-1/2"]
[WhiteElo "1793"]
[BlackElo "1613"]
[PlyCount "0"]
[EventDate "2024.07.16"]
[EventRounds "9"]
[EventCountry "SUI"]

1. d4 Nf6 2. Nf3 g6 3. c4 d6 4. Nc3 Bg7 5. e3 O-O 6. Be2 c6 7. O-O Nbd7 8. b3 Nb6
9. Bb2 d5 10. c5 Nbd7 11. b4 b5 12. a4 bxa4 13. Rxa4 a5 14. b5 cxb5 15. Bxb5 Ba6
16. Bxa6 Rxa6 17. Qe2 Ra8 18. Rfa1 Ne8 19. Qd2 Nb8 20. Nd1 Nc6 21. Bc3 Qd7 22. Bxa5
e5 23. R4a2 e4 24. Ne1 f5 25. f4 Nf6 26. Bc3 Rab8 27. Rb2 Rbc8 28. Rb6 h6 29. Rab1
Qe6 30. Qe2 g5 31. g3 gxf4 32. gxf4 Rf7 33. Rb7 Rcc7 34. Rxc7 Rxc7 35. Ng2 Nd7 36.
Qh5 Kh7 37. Nh4 Ne7 38. Be1 Ra7 39. Qe2 Bf6 40. Kh1 Ra8 41. Bg3 Rg8 42. Rc1 Rg4 43.
Ng2 Nc6 44. Nf2 Rg7 45. Bh4 Rxg2 46. Bxf6 Rxf2 47. Qxf2 Qxf6 48. Rg1 Nf8 49. Qa2
Ne7 50. Qa7 Ng6 51. Rc1 Qh4 52. Qa2 Qh3 53. Qf2 Nc6 54. Rb1 Nge7 55. Rg1 Qh5  1/2-1/2

[Event "Biel Chess Festival 2024 - Amateur tournament"]
[Site "Biel/Bienne"]
[Date "2024.07.23"]
[Round "7"]
[Board "41"]
[White "Galerne, Rene"]
[Black "Noel, Lucien"]
[Result "0-1"]
[WhiteElo "1773"]
[BlackElo "1714"]
[PlyCount "0"]
[EventDate "2024.07.16"]
[EventRounds "9"]
[EventCountry "SUI"]

1. e4 c5 2. c3 d5 3. exd5 Nf6 4. d4 Nxd5 5. Bb5+ Nd7 6. c4 Nf6 7. d5 a6 8. Bxd7+
Bxd7 9. Nc3 Qc7 10. Nf3 O-O-O 11. Bg5 e6 12. O-O Bd6 13. Bh4 h6 14. Bg3 e5 15. Nd2
Bg4 16. f3 Bf5 17. Nde4 Nxe4 18. fxe4 Bg6 19. Qe2 Qe7 20. Rac1 Kc7 21. a3 Rdf8 22.
Na4 Rb8 23. b4 b6 24. Bf2 f6 25. Qe3 Rbc8 26. bxc5 bxc5 27. Qc3 Rb8 28. Qa5+ Kd7
29. Bxc5 Rhc8 30. Bxd6 Qxd6 31. c5 Rb5 32. Qxb5+ axb5 33. Nb6+ Qxb6 34. cxb6 Rb8
35. Rc7+ Kd6 36. Rfc1 Rxb6 37. R1c6+ Rxc6 38. Rxc6+ Kd7 39. Rb6 Bxe4 40. d6 Bc6 41.
Ra6 Kxd6 42. h4 g5 43. hxg5 hxg5 44. Kf2 Kc7 45. a4 bxa4 46. Ra7+ Kd6 47. g3 Kd5
48. Ra5+ Kc4 49. Ke3 f5 50. Rxe5 Be4 51. g4 a3 52. gxf5 Bxf5 53. Rxf5 a2 54. Ra5
Kb3 55. Kd2 g4 56. Kc1 g3 57. Rb5+ Ka4  0-1

[Event "Biel Chess Festival 2024 - Amateur tournament"]
[Site "Biel/Bienne"]
[Date "2024.07.23"]
[Round "7"]
[Board "46"]
[White "Shin, Yisoo"]
[Black "Weihs, David"]
[Result "1/2-1/2"]
[WhiteElo "1449"]
[BlackElo "1733"]
[PlyCount "0"]
[EventDate "2024.07.16"]
[EventRounds "9"]
[EventCountry "SUI"]

1. e4 e5 2. Nf3 Nf6 3. Nxe5 d6 4. Nf3 Nxe4 5. d4 d5 6. Bd3 Bd6 7. c4 Bb4+ 8. Nbd2
O-O 9. O-O Bxd2 10. Bxd2 c6 11. Bf4 Bf5 12. Re1 Nd7 13. Qc2 Re8 14. cxd5 cxd5 15.
Qb3 Nb6 16. a4 Bg4 17. Ne5 Qf6 18. Be3 Rad8 19. f3 Be6 20. Bb5 Nd6 21. Bxe8 Rxe8
22. a5 Nbc4 23. Nxc4 Nxc4 24. Qxb7 Nxe3 25. Rxe3 Qxd4 26. Re1 Bc8 27. Qb3 Be6 28.
Kh1 Qc5 29. Qc3 Qb5 30. f4 Rf8 31. Rg3 g6 32. Qc7 Qb4 33. Rge3 d4 34. Re5 d3 35.
Qc3 Qxc3 36. bxc3 Rc8 37. Rc1 d2 38. Rd1 Rxc3 39. Re2 Bg4 40. Rexd2 Bxd1 41. Rxd1
 1/2-1/2